| 000 | 01714nas a2200277Ia 4500 | ||
|---|---|---|---|
| 001 | R200-R1695 | ||
| 003 | IT-CnALBA | ||
| 008 | 170116c99999999xx |||||||||||| ||und|| | ||
| 040 |
_aIT-CnALBA _cIT-CnALBA |
||
| 041 | _aITALIANO | ||
| 100 | _aFUSCO VITTORIO | ||
| 210 | _aRASSEGNA DI TEOLOGIA | ||
| 222 | _aRASSEGNA DI TEOLOGIA | ||
| 245 | 0 |
_aRASSEGNA DI TEOLOGIA. N. III. ANNO XXVI MAGGIO GIUGNO 1985. RIVISTA PER UN AGGIORNAMENTO CRISTIANO TEORICO E PRATICO. _b RIVISTA PER UN AGGIORNAMENTO CRISTIANO TEORICO E PRATICO |
|
| 250 | _a1a ed. | ||
| 260 |
_aROMA _bAVE, ANONIMA VERITA'S EDITRICE _c1985 |
||
| 300 | _a96 p. | ||
| 310 | _aBIMESTRALE | ||
| 362 | _aFascicolo: 3 / Anno: 26 (1985) | ||
| 500 | _aCARITÀ CHIESA MONDO E GIUDIZIO FINALE. DIALOGO. CARITÀ E GIUSTIZIA. NUOVO DIRITTO MATRIMONIALE DELLA CHIESA. RICONCILIAZIONE CRISTIANA E COMUNITÀ DEGLI UOMINI. DIALOGO TRA EBREI E CRISTIANI. VALORI UMANI NELL'OPERA DI EDUARDO DE FILIPPO. CULTURA E MODELLI DI SVILUPPO. RECENSIONI. LIBRI IN VISIONE. RIZZI A. MARUCCI C. LORIZIO G. DI SANTE C. SALERNO M. FORUM ATTIVITÀ TEOLOGICA ITALIANA. | ||
| 501 | _aSocietà San Paolo EM - Piazza San Paolo, 14 - 12051 ALBA (CN) (non commercial uses only) ® Copyright 2017 | ||
| 520 | _aCARITÀ CHIESA MONDO E GIUDIZIO FINALE. DIALOGO. CARITÀ E GIUSTIZIA. NUOVO DIRITTO MATRIMONIALE DELLA CHIESA. RICONCILIAZIONE CRISTIANA E COMUNITÀ DEGLI UOMINI. DIALOGO TRA EBREI E CRISTIANI. VALORI UMANI NELL'OPERA DI EDUARDO DE FILIPPO. CULTURA E MODELLI DI SVILUPPO. RECENSIONI. LIBRI IN VISIONE. RIZZI A. MARUCCI C. LORIZIO G. DI SANTE C. SALERNO M. FORUM ATTIVITÀ TEOLOGICA ITALIANA. | ||
| 650 | _aTEOLOGIA - SCIENZE UMANE | ||
| 942 | _cCR | ||
| 957 | _71 | ||
| 999 |
_a11673 _bNO _g1 _c319770 _d319770 |
||